000 00701cab a2200217 4500
001 X81170
008 090401t1997 xxu||||| |||| 00| 0 eng d
035 _a(Sirsi) u81170
041 _aeng
245 _aRICS chief executive recruitment
260 _c1997
350 _a0
490 _aRICS Press Release
_v(pr99.corp) 29 September 1997, (1)
520 _aThe RICS Council has agreed to begin Chief Executive recruitment procedure and has ratified the appointment of Carolyn Slater as Acting Chief Executive.
650 _aCHIEF EXECUTIVE
650 _aRECRUITMENT
650 _aRICS
690 _aMANAGEMENT-BUSINESS MANAGEMENT-PROFESSIONAL PRACTICE
942 _n0
948 _c30/09/1997
999 _c51157
_d51157